|
|
|
|
| LEADER |
02413nam a22003854a 4500 |
| 001 |
38799 |
| 003 |
BD-DhAAL |
| 008 |
220606t2012 ncu b 001 0 eng d |
| 010 |
|
|
|a 2011041906
|
| 020 |
|
|
|a 9788125046622 (hbk)
|
| 020 |
|
|
|a 9780822352310 (pbk. : alk. paper)
|
| 020 |
|
|
|a 9780822352174 (cloth : alk. paper)
|
| 040 |
|
|
|a NcD/DLC
|c NcD
|d DLC
|d BD-DhAAL
|
| 042 |
|
|
|a pcc
|
| 043 |
|
|
|a a-pk---
|
| 050 |
0 |
0 |
|a BP63.P2
|b K485 2012
|
| 082 |
0 |
0 |
|a 306.697095491
|2 23
|
| 100 |
1 |
|
|a Khan, Naveeda Ahmed,
|d 1969-
|9 49031
|
| 245 |
1 |
0 |
|a Muslim becoming :
|b aspiration and skepticism in Pakistan /
|c Naveeda Khan.
|
| 260 |
|
|
|a Durham :
|b Duke University Press ;
|a New Delhi :
|b Orient Blackswan,
|c c2012.
|
| 300 |
|
|
|a xii, 261 pages ;
|c 25 cm
|
| 504 |
|
|
|a Includes bibliographical references (pages [209]-249) and index.
|
| 505 |
0 |
|
|a Scenes of Muslim aspiration : neighborhood mosques and their qabza -- A possible genealogy of aspiration : Muhammad Iqbal in his time -- Inheriting Iqbal : the law and the Ahmadi question -- The singularity of aspiration : a father, a child and a jinn -- Skepticism in public culture : from the Jahil Maulwi to Mulla-ism -- Skepticism and spiritual diagnostics : Iqbal, the Ulama and the literati -- Epilogue: becoming present.
|
| 526 |
|
|
|a ESS, AAL
|
| 541 |
|
|
|a Trim Education, Book Finder International
|e 38799, 44587, 44588
|
| 600 |
1 |
0 |
|a Iqbal, Muhammad,
|c Sir,
|d 1877-1938.
|9 49032
|
| 650 |
|
0 |
|a Islam
|z Pakistan.
|9 49033
|
| 650 |
|
0 |
|a Muslims
|z Pakistan.
|9 49034
|
| 650 |
|
0 |
|a Islam and state
|z Pakistan.
|9 49035
|
| 852 |
|
|
|a Ayesha Abed Library
|c General Stacks
|
| 942 |
|
|
|2 ddc
|c BK
|
| 999 |
|
|
|c 44281
|d 44281
|
| 952 |
|
|
|0 0
|1 3
|2 ddc
|4 0
|6 306_697095491000000_KHA
|7 0
|9 70747
|a BRACUL
|b BRACUL
|c GEN
|d 2022-05-31
|e Trim Education
|g 2035.00
|l 2
|m 48
|o 306.697095491 KHA
|p 3010038799
|r 2025-04-16
|s 2024-10-22
|t 1
|v 4070.00
|w 2022-05-31
|y BK
|x Lost and paid for. Payment was made twice: Amount: 2035 x 2 = 4070; Transaction ID (TRXID): 006379106380 from ID: 21101191
|
| 952 |
|
|
|0 0
|1 0
|2 ddc
|4 0
|6 306_697095491000000_KHA
|7 0
|9 77980
|a BRACUL
|b BRACUL
|c GEN
|d 2025-08-04
|e Book Finder International
|g 1157.00
|l 1
|o 306.697095491 KHA
|p 3010044587
|r 2025-11-01
|s 2025-10-31
|t 2
|v 2314.00
|w 2025-08-04
|y BK
|
| 952 |
|
|
|0 0
|1 0
|2 ddc
|4 0
|6 306_697095491000000_KHA
|7 0
|9 77981
|a BRACUL
|b BRACUL
|c GEN
|d 2025-08-04
|e Book Finder International
|g 1157.00
|l 1
|m 4
|o 306.697095491 KHA
|p 3010044588
|r 2025-09-16
|s 2025-08-19
|t 3
|v 2314.00
|w 2025-08-04
|y BK
|